000
00340nam a22001577a 4500
005
20160528094246.0
008
160528b xxu||||| |||| 00| 0 eng d
041
_a
eng
082
_b
5604
100
_a
Sherlakor, SA
_9
1417
245
_a
Marketing Management
260
_b
HPH
300
_a
555
650
_a
Management
_9
241
942
_c
BK
999
_c
2006
_d
2005